| 000 | 00726nam a2200253 a 4500 | ||
|---|---|---|---|
| 003 | DO-SdBNP | ||
| 005 | 20220211122354.0 | ||
| 007 | ta | ||
| 008 | 220208e2019 dr a|||gr|||| 00| 0 eng d | ||
| 020 | _a9789945901184 | ||
| 040 |
_aDO-SdBNP _bspa _cBNPHU |
||
| 041 | _heng. | ||
| 082 | 4 |
_222 _bB715b |
|
| 100 | 1 |
_91501 _aBonilla, Bonnie |
|
| 245 | 1 | 0 |
_aBasic english forever / _cBonnie Bonilla |
| 260 |
_aSanto Domingo : _bE. B. Delta, _c2019 |
||
| 300 |
_a96 p. : _bil. ; _c21 cm. |
||
| 590 | _aInventariado 2022 / MF | ||
| 650 | 4 |
_937026 _aInglés _xLibros de Texto |
|
| 650 | 4 |
_912229 _aInglés _xEnseñanza |
|
| 650 | 4 |
_928157 _aInglés _xLibro de Texto para Extranjeros _xEspañol |
|
| 910 | _aMFeliz | ||
| 942 |
_2ddc _cLBS1 |
||
| 999 |
_c51373 _d51373 |
||